Pyramid schemes & multilevel marketing / (Record no. 9155)

MARC details
000 -LEADER
fixed length control field 00588nam a22002052 4500
001 - CONTROL NUMBER
control field 0000019991
005 - DATE AND TIME OF LATEST TRANSACTION
control field 20151217152206.0
008 - FIXED-LENGTH DATA ELEMENTS--GENERAL INFORMATION
fixed length control field 110415s xx 000 0 eng d
020 ## - INTERNATIONAL STANDARD BOOK NUMBER
International Standard Book Number 9966706976 :
040 ## - CATALOGING SOURCE
Original cataloging agency KABU
Transcribing agency KABU
100 1# - MAIN ENTRY--PERSONAL NAME
Personal name Koech, Sarah S.
-- 0000180017
245 10 - TITLE STATEMENT
Title Pyramid schemes & multilevel marketing /
Statement of responsibility, etc. Sarah S. Koech.
250 ## - EDITION STATEMENT
Edition statement 1st ed.
260 ## - PUBLICATION, DISTRIBUTION, ETC. (IMPRINT)
Place of publication, distribution, etc. Nairobi :
Name of publisher, distributor, etc. Queenex,
Date of publication, distribution, etc. 2007.
300 ## - PHYSICAL DESCRIPTION
Extent 47 p.
650 #0 - SUBJECT ADDED ENTRY--TOPICAL TERM
Topical term or geographic name as entry element Multilevel marketing.
-- 0000180018
852 1# - LOCATION
-- p150 KES
908 ## - PUT COMMAND PARAMETER (RLIN)
Put command parameter 110415
950 ## - LOCAL HOLDINGS (RLIN)
-- 1
Holdings
Withdrawn status Lost status Source of classification or shelving scheme Not for loan Home library Current library Date acquired Total Checkouts Full call number Barcode Date last seen Date last checked out Price effective from Koha item type
    Library of Congress Classification   Kabarak, Main Campus Kabarak, Main Campus 17/12/2015 1 HF5415.126 .K64 2007 c. 1 21906 23/10/2019 14/10/2019 17/12/2015 General Collection
Designed with assistance from East African Informatics Ltd